| 000 | 01310naa a22003497a 4500 | ||
|---|---|---|---|
| 001 | BR7405486 | ||
| 003 | BR-BrBNA | ||
| 005 | 20240918173625.0 | ||
| 007 | ta | ||
| 008 | 230509b bl.||||| |||| 00| 0 por d | ||
| 040 |
_aBR-BrBNA _bpor _cBiblioteca Nacional de Agricultura |
||
| 041 | _a(Pt) | ||
| 072 |
_aF00 _b1930 |
||
| 090 | _aF00 BR7405486 | ||
| 100 | 1 | _aPinheiro, J. dos S. | |
| 100 | 1 | _aNascimento Junior, D. do | |
| 100 | 1 | _aGomide, J.A. | |
| 100 | 1 | _aVitela, H. | |
| 111 | 1 |
_a11. Reuniao da Sociedade Brasileira de Zootecnia _cFortaleza, CE (Brazil) _d22 Jul 1974 |
|
| 245 | 1 | _aCurva de crescimento e valor nutritivo do capim-jaragua (Hyparrhenia rufa (nees)stapf) | |
| 260 | 3 |
_aFortaleza, CE (Brasil): _bUniversidade Federal do Ceara, _c1974. |
|
| 500 | _aAnais da 11. Reuniao da Sociedade Brasileira de Zootecnia Fortaleza, CE (Brasil): Universidade Federal do Ceara, 1974. p. 248-249 (BR7405486-AM)F00 | ||
| 650 | _aProducao vegetal | ||
| 650 | _aCapim jaragua | ||
| 650 | _aPoda | ||
| 650 | _aCurva de crescimento | ||
| 650 | _aValor nutritivo | ||
| 650 | _aPlanta forrageira | ||
| 773 | 0 |
_tAnais da 11. Reuniao da Sociedade Brasileira de Zootecnia _wF00 BR7405486 _gFortaleza, CE (Brasil), 1974. p. 248-249 |
|
| 909 |
_a202404 _bLucia _c55 _dLucia Elande |
||
| 942 |
_cAM _2AGRIS |
||
| 999 |
_c305822 _d305822 |
||